| 000 | 004120000a22001810004500 | ||
|---|---|---|---|
| 003 | LK-CoMWRAF | ||
| 008 | 230817t ||||| |||| 00| 0 eng d | ||
| 020 | _a5050005396 | ||
| 040 |
_aLK-CoMWRAF _dLK-CoMWRAF _eLK-CoMWRAF |
||
| 041 | _aeng | ||
| 082 |
_a820 _bGOR |
||
| 100 | _aGorkey, maxim | ||
| 245 |
_aMother _b |
||
| 260 |
_aMoscow _bRaduga _c1949 |
||
| 300 | _ap.405 | ||
| 650 | _aLiterature | ||
| 942 | _cBK | ||
| 999 |
_c2487 _d2487 |
||